000 00315nam a2200145Ia 4500
100 _aHaykin/Simons
250 _a2
942 _cBK
654 _aNeural
245 _aNeural Networks:A comprehensive foundation
260 _bPearson Education
_c1999
082 _a4.65
_bHAY
300 _a842
546 _aENGLISH
999 _c22746
_d22746